| 000 | 004160000a22001690004500 | ||
|---|---|---|---|
| 003 | MACL | ||
| 005 | 20151227134314.0 | ||
| 008 | 151227b xxu||||| |||| 00| 0 eng d | ||
| 040 |
_aMACL _cmacl |
||
| 041 | _aEnglish | ||
| 082 | _a010/SHA | ||
| 100 |
_aJagdish, Sharma _923226 |
||
| 245 | _aMahatma Gandhi | ||
| 260 |
_bS. Chand & Company _c1954 _aDelhi |
||
| 650 |
_aBibliograPhy _915346 |
||
| 942 |
_cBK _k010/Sha _2ddc |
||
| 999 |
_c34733 _d34733 |
||